Teoría política y realidad latinoamericana

Na minha lista:
Detalhes bibliográficos
Autor principal: Kaplan, Marcos
Formato: Livro
Idioma:espanhol
Publicado em: México Fondo de cultura económica 1976
Colecção:Archivo del fondo 66
Assuntos:
Tags: Adicionar Tag
Sem tags, seja o primeiro a adicionar uma tag!

MARC

LEADER 00000nam a2200000 4500
001 c131367
005 20250704075437.4
041 0 |a spa 
044 |a MX 
245 1 0 |a Teoría política y realidad latinoamericana  |c Marcos Kaplan 
264 1 |a México  |b Fondo de cultura económica  |c 1976 
300 |a 79 s. 
490 1 |a Archivo del fondo  |v 66 
830 0 |a Archivo del fondo  |v 66 
610 2 0 |a politika 
610 2 0 |a Latinská Amerika 
610 2 0 |a ideológia 
610 2 0 |a organizácie medzinárodné 
100 1 |a Kaplan, Marcos